000 01353nam0a22003131 4500
001 rc\4119185
005 20250611100456.0
021 _aRU
_b[49-36699]
035 _a(NLR Aleph) 008151190
090 _a7779434
_c7779434
100 _a20130415d1949 |||y0rusy50 ca
101 0 _arus
102 _aRU
105 _aa c |||||
200 1 _aМетодические указания для преподавателей черчения семилетних и средних школ Молдавской ССР
_fПод ред. А.Н. Гливича
_gНауч.-исслед. ин-т школ М-ва просвещения Молд. ССР
210 _aКишинев
_cШкоала советикэ
_d1949
_g2-я гос. кн. тип.
215 _a32 с.
_cчерт.
_d22х30
300 _aНа обл.: Р.В. Окушко. Черчение. Метод. указания
300 _aПеред загл. авт.: Р.В. Окушко
320 _aБиблиогр.: с. 31 (8 назв.)
512 0 _aЧерчение
606 _aЧерчение
_jМетодические пособия
_2psbo
700 1 _aОкушко
_bР.В.
_gРостислав Владимирович
702 1 _aГливич
_bА.Н.
_4340
801 0 _aRU
_bNLR
_gpsbo
801 1 _aRU
_bELAR
_2rusmarc
852 _aNLR
_jТ10 Г-6/96
942 _cBOOK
980 _aNB